Clinical dermatology / (Record no. 46)

000 -LEADER
fixed length control field 01215cam a2200397 a 4500
001 - CONTROL NUMBER
control field 17459819
003 - CONTROL NUMBER IDENTIFIER
control field OSt
005 - DATE AND TIME OF LATEST TRANSACTION
control field 20210411104029.0
008 - FIXED-LENGTH DATA ELEMENTS--GENERAL INFORMATION
fixed length control field 120907s2013 nyua b 000 0 eng
010 ## - LIBRARY OF CONGRESS CONTROL NUMBER
LC control number 2012036451
020 ## - INTERNATIONAL STANDARD BOOK NUMBER
International Standard Book Number 9780071769150 (alk. paper)
020 ## - INTERNATIONAL STANDARD BOOK NUMBER
International Standard Book Number 0071769153 (alk. paper)
020 ## - INTERNATIONAL STANDARD BOOK NUMBER
International Standard Book Number 0071772960 (ebook)
035 ## - SYSTEM CONTROL NUMBER
System control number (DNLM)101591778
040 ## - CATALOGING SOURCE
Original cataloging agency DNLM/DLC
Transcribing agency DLC
Modifying agency DLC
042 ## - AUTHENTICATION CODE
Authentication code pcc
050 00 - LIBRARY OF CONGRESS CALL NUMBER
Classification number RL71
Item number .C6255 2013
060 10 - NATIONAL LIBRARY OF MEDICINE CALL NUMBER
Classification number WR 140
080 ## - UNIVERSAL DECIMAL CLASSIFICATION NUMBER
Universal Decimal Classification number 616.5
Item number S-75
082 00 - DEWEY DECIMAL CLASSIFICATION NUMBER
Classification number 616.5
Edition number 23
245 00 - TITLE STATEMENT
Title Clinical dermatology /
Statement of responsibility, etc. [edited by] Carol Soutor, Maria K. Hordinsky.
250 ## - EDITION STATEMENT
Edition statement 1st ed.
260 ## - PUBLICATION, DISTRIBUTION, ETC.
Place of publication, distribution, etc. New York :
Name of publisher, distributor, etc. McGraw-Hill Education/Lange Medical Books,
Date of publication, distribution, etc. c2013.
300 ## - PHYSICAL DESCRIPTION
Extent ix, 339 p. :
Other physical details col. ill. ;
Dimensions 24 cm.
365 ## - TRADE PRICE
Price amount 39.68 usd
504 ## - BIBLIOGRAPHY, ETC. NOTE
Bibliography, etc. note Includes bibliographical references.
650 12 - SUBJECT ADDED ENTRY--TOPICAL TERM
Topical term or geographic name entry element Skin Diseases
General subdivision diagnosis.
650 10 - SUBJECT ADDED ENTRY--TOPICAL TERM
Topical term or geographic name entry element Dermatology
9 (RLIN) 76
650 22 - SUBJECT ADDED ENTRY--TOPICAL TERM
Topical term or geographic name entry element Skin Diseases
General subdivision therapy.
653 ## - INDEX TERM--UNCONTROLLED
Uncontrolled term დერმატოლოგია
653 ## - INDEX TERM--UNCONTROLLED
Uncontrolled term კანის დაავადებები
700 1# - ADDED ENTRY--PERSONAL NAME
Personal name Soutor, Carol.
700 1# - ADDED ENTRY--PERSONAL NAME
Personal name Hordinsky, Maria K.
906 ## - LOCAL DATA ELEMENT F, LDF (RLIN)
a 7
b cbc
c orignew
d 1
e ecip
f 20
g y-gencatlg
942 ## - ADDED ENTRY ELEMENTS (KOHA)
Source of classification or shelving scheme
Koha item type Books
Edition 1
Holdings
Withdrawn status Lost status Source of classification or shelving scheme Damaged status Not for loan Permanent location Current location Date acquired Inventory number Full call number Barcode Date last seen Price effective from Koha item type Total Checkouts
          Ken Walker International University Ken Walker International University 11/05/2020 40 616.5 S-75 40 11/05/2020 11/05/2020 Books  
          Ken Walker International University Ken Walker International University 11/19/2020 1023 616.5 S-75 1023 11/19/2020 11/19/2020 Books  

Powered by Koha